Memoria (Record no. 12491)

MARC details
000 -LEADER
campo de control de longitud fija 01097namaa22002051ia4500
003 - IDENTIFICADOR DE NÚMERO DE CONTROL
campo de control OSt
005 - FECHA Y HORA DE LA ÚLTIMA TRANSACCIÓN
campo de control 20250221143805.0
008 - DATOS DE LONGITUD FIJA--INFORMACIÓN GENERAL
campo de control de longitud fija 250210b2010 dr ar|js t|||o00| z1spa d
040 ## - FUENTE DE CATALOGACIÓN
Centro catalogador/agencia de origen CGID0019
Lengua de catalogación spa
Centro/agencia transcriptor CGID00119
Normas de descripción rda
082 04 - NÚMERO DE LA CLASIFICACIÓN DECIMAL DEWEY
Número de clasificación IDEICE RD 371.3 I59mi 2010
Información de edición 21
110 ## - ENTRADA PRINCIPAL--NOMBRE DE ENTIDAD CORPORATIVA
Nombre de entidad corporativa o nombre de jurisdicción como elemento de entrada Instituto Dominicano de Evaluación e Investigación de la Calidad Educativa
245 ## - MENCIÓN DEL TÍTULO
Título Memoria
Resto del título IDEICE 2010
260 ## - PUBLICACIÓN, DISTRIBUCIÓN, ETC.
Lugar de publicación, distribución, etc. Santo Domingo :
Nombre del editor, distribuidor, etc. IDEICE
Fecha de publicación, distribución, etc. 2011
300 ## - DESCRIPCIÓN FÍSICA
Extensión 29p.
310 ## - PERIODICIDAD ACTUAL
Periodicidad actual Anual
362 ## - FECHAS DE PUBLICACIÓN Y/O DESIGNACIÓN SECUENCIAL
Fecha de publicación y/o designación secuencial 2011
505 ## - NOTA DE CONTENIDO CON FORMATO
Nota de contenido con formato La memoria de una institución se constituye en la oportunidad para dejar plasmadas las realizaciones y logros del desempeño que hayan tenido, en la ejecución de su propuesta programática. Por lo tanto, la Memoria IDEICE 2010 cumple con el propósito de rendir cuentas al país y sus organizaciones, así como al público interesado, de las realizaciones alcanzadas en este año del 2010 con los fondos que fueron destinados para la realización de sus actividades enmarcadas en los diferentes programas institucionales.
650 ## - PUNTO DE ACCESO ADICIONAL DE MATERIA--TÉRMINO DE MATERIA
Término de materia o nombre geográfico como elemento de entrada Memorias institucionales
942 ## - ELEMENTOS DE ENTRADA SECUNDARIOS (KOHA)
Fuente de la clasificación o esquema de estantería Clasificación Decimal Dewey
Tipo de ítem Koha Revistas
Suprimir en OPAC No
Holdings
Estatus retirado Estado de pérdida Fuente de la clasificación o esquema de estantería Estado de daño No para préstamo Biblioteca de origen Biblioteca actual Fecha de adquisición Total de préstamos Signatura topográfica completa Visto por última vez Identificador uniforme de recursos Precio de reemplazo Tipo de ítem Koha
    Clasificación Decimal Dewey     Repositorio IDEICE Repositorio IDEICE 10/02/2025   IDEICE RD 371.3 I59mi 2010 10/02/2025 https://ideice.gob.do/documentacion/publicaciones-id-p1-66-memoria-ideice-2010 10/02/2025 Revistas

© 2024. Todos los Derechos Reservados. Desarrollado por IDEICE